Mort Subite - Kpop Idols Américain (USA) - Statistiques

Statistiques générales
  • Ce quiz a été pris 545 fois
  • Le résultat moyen est 4 sur 14
Answers on the Grid
Answers color-coded by a green-red scale on the quiz's grid according to % correct below.
BM - Kard
Mark Tuan - GOT7
Amber Liu - F(x)
Joshua - Seventeen
Vernon - Seventeen
DK - Seventeen
Hongseok - Pentagon
Eric - The Boyz
Huening Bahiyyih - Kep1er
Soobin - TXT
Peniel - BTOB
I.M. - Monsta X
Yunjin - Le Sserafim
Jay - Enhypen
Bobby - IKON
J.Seph - Kard
Anton - Riize
Belle - Kiss of Life
Kamden - AMPERS&ONE
Yue - Lapillus
Felix - Stray Kids
Q - The Boyz
Mark - NCT
Keeho - P1Harmony
 
Statistiques - réponses
Réponse % Correct
Jay - Enhypen
50%
Vernon - Seventeen
48%
Joshua - Seventeen
44%
Yunjin - Le Sserafim
44%
Eric - The Boyz
39%
Huening Bahiyyih - Kep1er
32%
Belle - Kiss of Life
31%
Anton - Riize
29%
BM - Kard
28%
Mark Tuan - GOT7
24%
Amber Liu - F(x)
20%
Peniel - BTOB
17%
Kamden - AMPERS&ONE
12%
Yue - Lapillus
2%
Aucun quiz correspondant
Distribution des résultats
% des personnes avec chaque résultat
Percentile par nombre de réponses
Votre historique - résultats
Vous n’avez pas pris ce quiz